00313nam a2200121 a 4500008004100000050001500041100001800056245003600074250001300110260004300123300001600166350000900182120416s1968 ||||||||||||||||| || u aTP 548 Tri aTritton, S. M10aSuccessful wine and beer making arev. ed. aKingswoodbGrey Owl Laboratoriesc1968 a75p. : ill. a0.00